Score 0/10 Timer 01:30
0 Plays Today
% Correct
Attack on Pearl Harbor
96.8%
Invasion of Normandy
95.5%
Battle of Stalingrad
93.6%
Battle of Midway
91.5%
Operation Overlord
90.5%
Battle of Okinawa
88.9%
Battle of the Bulge
85.1%
Second Battle of El Alamein
81.2%
Battle of Kursk
77.7%
Guadacanal Campaign
73.2%
Remove Ads.
Support Sporcle.
Get the best of Sporcle when you Go Orange. This ad-free experience offers more features, more stats, and more fun while also helping to support Sporcle. Thank you for becoming a member.

You're not logged in!

Compare scores with friends on all Sporcle quizzes.
OR
Log In

Show Comments

Extras

Top Quizzes Today


Score Distribution

Your Account Isn't Verified!

In order to create a playlist on Sporcle, you need to verify the email address you used during registration. Go to your Sporcle Settings to finish the process.

Report this User

Report this user for behavior that violates our Community Guidelines.

Details: